000 nam a22 i 4500
999 _c21714
_d21714
003 WA 310
005 20211124135852.0
008 180320s2011 pl a fou |000 0 eng d
020 _a9788326686009
040 _aWA 310/bw
_bpol
_erda
_cWA 310/bw
_dWA 310/bw
041 0 _aeng
245 0 0 _aSieci kablowe służące do rozprowadzania sygnałów: telewizyjnych, radiofonicznych i usług interaktywnych - Część 6: Urządzenia optyczne =
_bCable networks for television signals, sound signals and interactive services - Part 6: Optical equipment PN-EN 60728-6:2011E /
_cPolski Komitet Normalizacyjny.
246 1 3 _aPN-EN 60728-6
246 1 3 _aICS 33.060.40; 33.160.99
246 3 1 _aCable networks for television signals, sound signals and interactive services - Part 6: Optical equipment
260 _aWarszawa :
_bPolski Komitet Normalizacyjny,
_c2011.
300 _a61 stron :
_bilustracje ;
_c30 cm.
336 _aTekst
_btxt
_2rdacontent
337 _aKomputer
_bc
_2rdamedia
338 _aDokument online
_bcr
_2rdacarrier
500 _aTytuł z ekranu tytułowego.
500 _aWprowadza EN 60728-6:2011, IDT ; IEC 60728-6:2011, IDT ; Zastępuje PN-EN 60728-6:2005 ; Zatwierdzona 16 maja 2011 r.
500 _aNorma Europejska EN 60728-6:2011 [...] ma status Polskiej Normy.
504 _aBibliografia na stronach 60-61.
530 _aDostępne wyłącznie w postaci elektronicznej.
538 _aTryb dostępu: online.
546 _aTekst w języku angielskim, strona tytułowa w języku polskim.
590 _6Status: aktualna.
650 _aKable telekomunikacyjne
_91215
_vnormy.
710 1 _aPolska.
_bPolski Komitet Normalizacyjny.
_eInstytucja sprawcza
_eWydawca
_4pbl
_91107
942 _2ddc
_cBK